El amor en la comedia latina (Record no. 54690)

MARC details
000 -LEADER
campo de control de longitud fija 01008nam a2200313 i 4500
001 - NÚMERO DE CONTROL
campo de control 54690
003 - IDENTIFICADOR DE NÚMERO DE CONTROL
campo de control ES-MaACL
005 - FECHA Y HORA DE LA ÚLTIMA TRANSACCIÓN
campo de control 20230906163012.0
007 - CAMPO FIJO DE DESCRIPCIÓN FÍSICA--INFORMACIÓN GENERAL
campo de control de longitud fija t|
008 - DATOS DE LONGITUD FIJA--INFORMACIÓN GENERAL
campo de control de longitud fija 040112s2002 sp ||||0| spa d
020 ## - NÚMERO INTERNACIONAL ESTÁNDAR DEL LIBRO
Número Internacional Estándar del Libro 84-7882-496-0
040 ## - FUENTE DE CATALOGACIÓN
Centro catalogador/agencia de origen M-BN
Lengua de catalogación spa
Centro/agencia transcriptor M-BN
080 ## - NÚMERO DE LA CLASIFICACIÓN DECIMAL UNIVERSAL
Número de la Clasificación Decimal Universal 159.942(0:82)
080 ## - NÚMERO DE LA CLASIFICACIÓN DECIMAL UNIVERSAL
Número de la Clasificación Decimal Universal 821.124-22.09
080 ## - NÚMERO DE LA CLASIFICACIÓN DECIMAL UNIVERSAL
Número de la Clasificación Decimal Universal 811.124'373
100 1# - ENTRADA PRINCIPAL--NOMBRE DE PERSONA
Nombre de persona López Gregoris, Rosario.
9 (RLIN) 73688
245 13 - MENCIÓN DEL TÍTULO
Título El amor en la comedia latina
Resto del título : análisis léxico y semántico /
Mención de responsabilidad, etc. Rosario López Gregoris.
250 ## - MENCION DE EDICION
Mención de edición 1ª ed.
260 ## - PUBLICACIÓN, DISTRIBUCIÓN, ETC.
Lugar de publicación, distribución, etc. Madrid :
Nombre del editor, distribuidor, etc. Clásicas,
Fecha de publicación, distribución, etc. 2002.
300 ## - DESCRIPCIÓN FÍSICA
Extensión 339 p ;
Dimensiones 24 cm.
490 1# - MENCIÓN DE SERIE
Mención de serie Bibliotheca linguae latinae ;
Designación de volumen o secuencia n. 3
504 ## - NOTA DE BIBLIOGRAFÍA, ETC.
Nota de bibliografía, etc. Bibliografía: p. [327]-334. Indice.
650 #4 - PUNTO DE ACCESO ADICIONAL DE MATERIA--TÉRMINO DE MATERIA
Término de materia o nombre geográfico como elemento de entrada Amor-
Subdivisión general En la literatura.
9 (RLIN) 9756
650 14 - PUNTO DE ACCESO ADICIONAL DE MATERIA--TÉRMINO DE MATERIA
Término de materia o nombre geográfico como elemento de entrada Comedia latina-
Subdivisión general Historia y crítica.
9 (RLIN) 11156
650 14 - PUNTO DE ACCESO ADICIONAL DE MATERIA--TÉRMINO DE MATERIA
Término de materia o nombre geográfico como elemento de entrada Lengua latina-
Subdivisión general Lexicología.
9 (RLIN) 14302
830 0# - PUNTO DE ACCESO ADICIONAL DE SERIE-TÍTULO UNIFORME
Título uniforme Bibliotheca linguae latinae ;
Designación de volumen o secuencia n. 3
9 (RLIN) 230308
852 ## - LOCALIZACIÓN
Ubicación ES-MaACL
Número de control de estantería L-26768
Sublocalización o colección R.132433
Holdings
Estatus retirado Estado de pérdida Estado de daño No para préstamo Biblioteca de origen Biblioteca actual Ubicación en estantería Fecha de adquisición Fuente de adquisición Total de préstamos Signatura topográfica completa Código de barras Visto por última vez Precio de reemplazo Tipo de ítem Koha
        Biblioteca del Ateneo de Madrid Biblioteca del Ateneo de Madrid Depósito 2 17/01/2008     L-26768 1057468 23/02/2023 23/02/2023 Libro impreso